000 00450nam a2200145Ia 4500
008 220204s9999 xx 000 0 und d
082 _a631.42
_bMET.1
245 0 _aMethods of soil analysis Part 1. Physical and mineralogical methods
250 _aEd.2
260 _aU S A
_bAmerican Society of Agronomy and Soil Science Society of America
_c1986
490 _aAgronomy Series 9
650 _aSoil sampling
700 _aKlute, Arnold
942 _cBK
999 _c41353
_d41353